| 000 | 00617nam a22001937a 4500 | ||
|---|---|---|---|
| 003 | OSt | ||
| 005 | 20140310182035.0 | ||
| 008 | 130815t xxu||||| |||| 00| 0 eng d | ||
| 020 | _a0201232650 | ||
| 050 |
_aQA 43 _b.Ei34 1989 |
||
| 082 |
_aHS 372.7 _bEi2 1989 |
||
| 100 |
_aEicholz, Robert E. _910663 |
||
| 245 |
_aAddison-Wesley mathematics / _cRobert E. Eicholz, Phares G. O'Daffer, Charles R. Fleenor |
||
| 260 |
_aNew York : _bAddison- Wesley Publishing Company, _cc1989. |
||
| 300 |
_a458 p. : _bcol. ill. ; _c26 cm. |
||
| 650 |
_aMathematics _xstudy and teaching _910664 |
||
| 942 |
_2lcc _cHS |
||
| 999 |
_c8667 _d8667 |
||